Responses for Show #8420 - Friday, June 11, 2021

Last game with Mayim Bialik as guest host.
Champion's winnings & consolation amounts matched to National Alliance on Mental Illness.

Contestants

[<< previous game]

Katie Sekelsky, a graphic designer from Kent, Ohio

Mike Goldstein, a copywriter originally from Downingtown, Pennsylvania

Ankit Gupta, a product manager from Somerville, Massachusetts (whose 1-day cash winnings total $13,600)

[next game >>]

Jeopardy! Round responses

VOLCANO CITY USA
GROUPS OF 12
BASEBALL'S BIG NUMBERS
NAME CALLING
EDUCATION
ALSO A DOG BREED
    $200 28
Portland

Mike
    $200 3
AA (Alcoholics Anonymous)

Katie
    $200 4
Hank Aaron (Hammerin' Hank)

Mike
    $200 29
Delano

Ankit
    $200 30
(Mayim: We're all sick of it, I think, but yes.)

Zoom

Katie
    $200 17
pug

Katie
    $400 27
Mississippi

Katie
    $400 8
(Katie: What is Uruguay?)

Venezuela

MikeKatie
    $400 6
Pete Rose

Mike
    $400 14
(Mike: Who is Claudius?)

Tiberius

Mike
Triple Stumper
    $400 19
English as a second language

Katie
    $400 18
Spitz

Ankit
    $600 22
Los Alamos

Katie
    $600 9
the foreman

Katie
    $600 5
Nolan Ryan

Mike
    $600 7
Louis

Triple Stumper
    $600 12
Harvard & MIT (the Massachusetts Institute of Technology)

Ankit
    $600 20
boxer

Mike
    $800 25
Anchorage

Mike
    $800 10
Scorpio

Mike
    $800 2
(Katie: Who is Brock?)

Barry Bonds

AnkitKatie
    $800 15
Hitler

Ankit
    $800 13
visual aids

Katie
    $800 23
husky

Katie
    $3,400 26
Diamond Head

Mike
    $1000 11
(Mayim: I'm singing it; what are [*]?)
[Laughter]

eight maids a-milking

Triple Stumper
    $1000 1
Josh Gibson

Mike
    $1000 21
Rasputin

Ankit
    $1000 16
LSAT

Katie
    $1000 24
(Mike: What is Finnish?)
(Ankit: What is Lithuanian?)

great Dane

AnkitMike
Triple Stumper

Scores at the first commercial break (after clue 15):

Ankit Mike Katie
$2,200 $3,000 $400

Scores at the end of the Jeopardy! Round:

Ankit Mike Katie
$2,800 $7,000 $4,000

Double Jeopardy! Round responses

1930s LITERATURE
NOTABLE WOMEN
SKILLFUL WORDS & PHRASES
SCIENCE
GHOST
BUSTERS
    $400 26
(Mayim: Come on, guys, who is [*]?)
[Laughter]

Ferdinand

Triple Stumper
    $400 27
Frida Kahlo

Katie
    $400 28
gifted

Katie
    $400 24
a seismograph

Ankit
    $400 29
Mount Fuji

Katie
    $400 30
Mike Tyson

Mike
    $800 9
The Good Earth

Katie
    $800 8
(Mayim: Yes, a national treasure.)

Rosa Parks

Mike
    $800 25
seasoned

Mike
    $800 10
a beaver

Katie
    $800 13
moths

Katie
    $800 20
ska

Ankit
    $1200 3
Johnny

Mike
    $1200 7
Babe (Didrikson) Zaharias

Katie
    $1200 15
savvy

Ankit
    $1200 11
(Katie: What is joint?)

socket

AnkitKatie
    $1200 14
Ghost Rider

Mike
    $1200 22
(Mayim: That's my team, yes.)

the San Francisco Giants

Mike
    $5,000 2
(Mike: What is Paradise Regained?)

Lost Horizon

Mike
    $1600 5
Doris Kearns Goodwin

Mike
    $5,000 16
(Ankit: I should have bet less.)

adroit

Ankit
    $1600 1
(Ankit: What is altitude?)

(atmospheric) pressure

AnkitMike
    $1600 18
Libya

Mike
    $1600 23
(Mike: Who is "Fats" Arbuckle?)

(Roscoe) "Fatty" Arbuckle

MikeKatie
    $2000 4
Ayn Rand (Alisa Rosenbaum)

Mike
    $2000 6
(Katie: Who is Blackburn?)

(Elizabeth) Blackwell

AnkitKatie
    $2000 17
(Katie: What is suave?)

facile

Katie
Triple Stumper
    $2000 12
antimatter

Katie
    $2000 19
the Ghost Dance movement

Katie
    $2000 21
Bronco Buster

Katie

Scores at the end of the Double Jeopardy! Round:

Ankit Mike Katie
$1,800 $12,800 $11,200

[wagering suggestions for these scores]

Final Jeopardy! Round responses

GEOGRAPHY WORDS
(Mayim: [To Ankit] The Vatican is [*] of Rome; the flag bears the keys of St. Peter.)
AnkitWhat is an enclave?
$0
KatieWhat is a See?
$3,201
MikeWhat is a Principality?
$10,000
an enclave

Final scores:

Ankit Mike Katie
$1,800 $2,800 $7,999
3rd place: $1,000 2nd place: $2,000 New champion: $7,999

Game dynamics:

Coryat scores:

Ankit Mike Katie
$6,800 $15,400 $11,200
11 R,
3 W
(including 1 DD)
20 R
(including 1 DD),
4 W
(including 1 DD)
21 R,
5 W

Combined Coryat: $33,400

[game clues] [game scores] [suggest correction]

Game tape date: 2021-03-16
The J! Archive is created by fans, for fans. Scraping, republication, monetization, and malicious use prohibited; this site may use cookies and collect identifying information. See terms. The Jeopardy! game show and all elements thereof, including but not limited to copyright and trademark thereto, are the property of Jeopardy Productions, Inc. and are protected under law. This website is not affiliated with, sponsored by, or operated by Jeopardy Productions, Inc. Join the discussion at JBoard.tv.